000 00241nam a2200097Ia 4500
001 640801
005 20250826153454.0
008 250824s9999 xx 000 0 und d
245 0 _aALTIN FERMAN
_cAHMET YILMAZ BOYUNAĞA
260 _bGENÇ TİMAŞ
999 _c640801
_d640801